Statistics for Countries That no Longer Exist-Nordic

Click here to take the quiz!

General Stats

  • This quiz has been taken 10 times
  • The average score is 3 of 7

Answer Stats

Answer% Correct
Kalmar Union
71%
Kingdom of Finland
71%
Kingdom of Norway
57%
Kingdom of Denmark
43%
Finnish Socialist Workers Republic
29%
Schleswig
29%
United Kingdoms of Sweden and Norway
29%

Score Distribution

Percentile by Number Answered

Percent of People with Each Score

Your Score History

You have not taken this quiz